00469nam a2200157Ia 4500008004100000041000800041082001100049100003100060245011700091250000800208260002400216300000900240542001500249551002700264650002000291220531s9999 xx 000 0 und d aeng a-bJAD aJadhavar, S. U. And Others aAdvanced Cost Accounting And Cost Systems (recent Advanced In Cost Auditing And Cost System) M.com.-ii (sem.-iv) a1ST aPunebSuccessc2014 a5.82 d03-03-2015 aCommercebNon-grant--C aCost Accounting